[Event "British Rapidplay Championship 2023"]
[Site "Mercure Bradford, Bankfield Hotel"]
[Date "2023.04.15"]
[Round "3.13"]
[White "Kryshtafor, Maksym"]
[Black "Burgess, David"]
[Result "0-1"]
[TimeControl "All moves in 15 minutes plus 10 second increment per move from move 1"]
[WhiteElo "1667"]
[BlackElo "1973"]

1. e4 {[%clk 00:15:19]} c5 {[%clk 00:15:19]} {[%emt 00:00:02]} 2. Nf3 {[%clk
00:15:23]} {[%emt 00:00:07]} Nc6 {[%clk 00:15:28]} 3. d4 {[%clk 00:15:27]}
{[%emt 00:00:07]} cxd4 {[%clk 00:15:35]} {[%emt 00:00:02]} 4. Nxd4 {[%clk
00:15:32]} {[%emt 00:00:05]} e5 {[%clk 00:15:43]} {[%emt 00:00:02]} 5. Nxc6
{[%clk 00:15:24]} {[%emt 00:00:16]} bxc6 {[%clk 00:15:50]} {[%emt 00:00:05]} 6.
Bc4 {[%clk 00:15:21]} {[%emt 00:00:13]} Ba6 {[%clk 00:15:54]} {[%emt 00:00:06]}
7. Bxa6 {[%clk 00:14:43]} {[%emt 00:00:47]} Qa5+ {[%clk 00:16:02]} {[%emt
00:00:02]} 8. Nc3 {[%clk 00:14:41]} {[%emt 00:00:13]} Qxa6 {[%clk 00:16:09]}
{[%emt 00:00:03]} 9. Be3 {[%clk 00:14:34]} {[%emt 00:00:17]} Bb4 {[%clk
00:15:55]} {[%emt 00:00:23]} 10. Qd2 {[%clk 00:13:50]} {[%emt 00:00:55]} Nf6
{[%clk 00:15:57]} {[%emt 00:00:08]} 11. f3 {[%clk 00:13:49]} {[%emt 00:00:11]}
d5 {[%clk 00:15:46]} {[%emt 00:00:20]} 12. exd5 {[%clk 00:13:22]} {[%emt
00:00:38]} cxd5 {[%clk 00:15:42]} {[%emt 00:00:13]} 13. a3 {[%clk 00:11:59]}
{[%emt 00:01:32]} d4 {[%clk 00:15:31]} {[%emt 00:00:23]} 14. Rd1 {[%clk
00:11:06]} {[%emt 00:01:03]} dxc3 {[%clk 00:14:51]} {[%emt 00:00:49]} 15. bxc3
{[%clk 00:10:43]} {[%emt 00:00:34]} Be7 {[%clk 00:14:26]} {[%emt 00:00:34]} 16.
Kf2 {[%clk 00:09:09]} {[%emt 00:01:44]} O-O {[%clk 00:14:25]} {[%emt 00:00:11]}
17. g4 {[%clk 00:09:05]} {[%emt 00:00:15]} Rfd8 {[%clk 00:14:13]} {[%emt
00:00:22]} 18. Qc1 {[%clk 00:09:01]} {[%emt 00:00:13]} Nd5 {[%clk 00:13:51]}
{[%emt 00:00:33]} 19. Rd3 {[%clk 00:07:52]} {[%emt 00:01:19]} Nxe3 {[%clk
00:13:29]} {[%emt 00:00:32]} 20. Qxe3 {[%clk 00:07:36]} {[%emt 00:00:25]} Qb6
{[%clk 00:13:01]} {[%emt 00:00:39]} 21. Qxb6 {[%clk 00:07:23]} {[%emt
00:00:22]} axb6 {[%clk 00:13:08]} {[%emt 00:00:03]} 22. Rxd8+ {[%clk 00:07:24]}
{[%emt 00:00:09]} Rxd8 {[%clk 00:13:13]} {[%emt 00:00:05]} 23. a4 {[%clk
00:07:22]} {[%emt 00:00:14]} Rd2+ {[%clk 00:13:07]} {[%emt 00:00:14]} 24. Ke3
{[%clk 00:07:13]} {[%emt 00:00:19]} Rxc2 {[%clk 00:13:03]} {[%emt 00:00:14]} 25.
Kd3 {[%clk 00:07:18]} {[%emt 00:00:05]} Ra2 {[%clk 00:13:01]} {[%emt 00:00:13]}
26. Rb1 {[%clk 00:07:20]} {[%emt 00:00:08]} Bc5 {[%clk 00:12:59]} {[%emt
00:00:12]} 27. Ke4 {[%clk 00:07:11]} {[%emt 00:00:19]} f6 {[%clk 00:12:59]}
{[%emt 00:00:10]} 28. Rd1 {[%clk 00:07:00]} {[%emt 00:00:21]} Rxa4+ {[%clk
00:13:01]} {[%emt 00:00:08]} 29. Kf5 {[%clk 00:07:05]} {[%emt 00:00:05]} Kf7
{[%clk 00:12:50]} {[%emt 00:00:20]} 30. Rd7+ {[%clk 00:06:28]} {[%emt
00:00:48]} Be7 {[%clk 00:12:56]} {[%emt 00:00:04]} 31. c4 {[%clk 00:05:49]}
{[%emt 00:00:49]} Rxc4 {[%clk 00:12:59]} {[%emt 00:00:07]} 32. Rxe7+ {[%clk
00:05:35]} {[%emt 00:00:24]} Kxe7 {[%clk 00:13:06]} {[%emt 00:00:03]} 33. g5
{[%clk 00:05:38]} {[%emt 00:00:07]} g6# {[%clk 00:12:52]} {[%emt 00:00:07]} 0-1

[Event "British Rapidplay Championship 2023"]
[Site "Mercure Bradford, Bankfield Hotel"]
[Date "2023.04.15"]
[Round "3.14"]
[White "Redmond, Nigel"]
[Black "Zhao, George"]
[Result "0-1"]
[TimeControl "All moves in 15 minutes plus 10 second increment per move from move 1"]
[WhiteElo "1656"]
[BlackElo "1959"]

1. e4 {[%clk 00:15:15]} {[%emt 00:00:05]} e6 {[%clk 00:15:19]} {[%emt
00:00:03]} 2. e5 {[%clk 00:15:08]} {[%emt 00:00:17]} d5 {[%clk 00:15:27]}
{[%emt 00:00:02]} 3. exd6 {[%clk 00:15:09]} {[%emt 00:00:08]} Bxd6 {[%clk
00:15:36]} {[%emt 00:00:02]} 4. d4 {[%clk 00:15:02]} {[%emt 00:00:17]} Nf6
{[%clk 00:15:37]} {[%emt 00:00:09]} 5. Bd3 {[%clk 00:14:47]} {[%emt 00:00:24]}
O-O {[%clk 00:15:29]} {[%emt 00:00:18]} 6. Nf3 {[%clk 00:14:39]} {[%emt
00:00:18]} c5 {[%clk 00:15:35]} {[%emt 00:00:05]} 7. c3 {[%clk 00:13:56]}
{[%emt 00:00:53]} Nbd7 {[%clk 00:15:11]} {[%emt 00:00:34]} 8. O-O {[%clk
00:13:59]} {[%emt 00:00:07]} a6 {[%clk 00:15:18]} {[%emt 00:00:03]} 9. Bg5
{[%clk 00:13:59]} {[%emt 00:00:09]} b5 {[%clk 00:15:23]} {[%emt 00:00:06]} 10.
Nbd2 {[%clk 00:13:11]} {[%emt 00:00:57]} Bb7 {[%clk 00:15:27]} {[%emt
00:00:07]} 11. Re1 {[%clk 00:12:53]} {[%emt 00:00:27]} Qc7 {[%clk 00:15:03]}
{[%emt 00:00:34]} 12. Rc1 {[%clk 00:11:28]} {[%emt 00:01:35]} Nd5 {[%clk
00:14:31]} {[%emt 00:00:43]} 13. Ne4 {[%clk 00:09:44]} {[%emt 00:01:52]} Bf4
{[%clk 00:14:04]} {[%emt 00:00:38]} 14. Bxf4 {[%clk 00:09:11]} {[%emt
00:00:43]} Nxf4 {[%clk 00:14:11]} {[%emt 00:00:04]} 15. Bc2 {[%clk 00:08:56]}
{[%emt 00:00:24]} Nd5 {[%clk 00:13:40]} {[%emt 00:00:42]} 16. Neg5 {[%clk
00:08:33]} {[%emt 00:00:32]} h6 {[%clk 00:13:42]} {[%emt 00:00:10]} 17. Qd3
{[%clk 00:08:34]} {[%emt 00:00:08]} N7f6 {[%clk 00:13:18]} {[%emt 00:00:34]} 18.
Ne4 {[%clk 00:07:56]} {[%emt 00:00:47]} Nxe4 {[%clk 00:12:52]} {[%emt
00:00:36]} 19. Qxe4 {[%clk 00:07:58]} {[%emt 00:00:08]} Nf6 {[%clk 00:13:00]}
{[%emt 00:00:03]} 20. Qe3 {[%clk 00:06:33]} {[%emt 00:01:35]} Rfd8 {[%clk
00:12:28]} {[%emt 00:00:42]} 21. dxc5 {[%clk 00:06:07]} {[%emt 00:00:35]} Ng4
{[%clk 00:12:35]} {[%emt 00:00:03]} 22. Qe2 {[%clk 00:04:26]} {[%emt 00:01:51]}
Bxf3 {[%clk 00:12:44]} {[%emt 00:00:02]} 23. Qxf3 {[%clk 00:04:20]} {[%emt
00:00:16]} Qxh2+ {[%clk 00:12:52]} {[%emt 00:00:02]} 24. Kf1 {[%clk 00:04:29]}
{[%emt 00:00:01]} Qh1+ {[%clk 00:13:01]} {[%emt 00:00:01]} 25. Ke2 {[%clk
00:04:38]} {[%emt 00:00:01]} Qh5 {[%clk 00:13:09]} {[%emt 00:00:01]} 26. Be4
{[%clk 00:02:07]} {[%emt 00:02:41]} Qg5 {[%clk 00:12:44]} {[%emt 00:00:36]} 27.
Rcd1 {[%clk 00:01:33]} {[%emt 00:00:44]} Ne5 {[%clk 00:12:25]} {[%emt
00:00:29]} 28. Qe3 {[%clk 00:01:00]} {[%emt 00:00:43]} Qg4+ {[%clk 00:12:25]}
{[%emt 00:00:09]} 0-1

[Event "British Rapidplay Championship 2023"]
[Site "Mercure Bradford, Bankfield Hotel"]
[Date "2023.04.15"]
[Round "3.15"]
[White "Cuaresma, Gerald"]
[Black "Kairat, Alexander"]
[Result "1-0"]
[TimeControl "All moves in 15 minutes plus 10 second increment per move from move 1"]
[WhiteElo "1904"]
[BlackElo "1618"]

1. d4 {[%clk 00:15:18]} {[%emt 00:00:02]} Nf6 {[%clk 00:15:19]} {[%emt
00:00:01]} 2. Bg5 {[%clk 00:15:26]} {[%emt 00:00:02]} d5 {[%clk 00:15:24]}
{[%emt 00:00:05]} 3. Bxf6 {[%clk 00:15:32]} {[%emt 00:00:04]} exf6 {[%clk
00:15:33]} {[%emt 00:00:01]} 4. e3 {[%clk 00:15:40]} {[%emt 00:00:02]} Bd6
{[%clk 00:15:41]} {[%emt 00:00:02]} 5. g3 {[%clk 00:15:47]} {[%emt 00:00:03]}
Bf5 {[%clk 00:15:44]} {[%emt 00:00:06]} 6. Bg2 {[%clk 00:15:34]} {[%emt
00:00:23]} c6 {[%clk 00:15:52]} {[%emt 00:00:03]} 7. Ne2 {[%clk 00:15:40]}
{[%emt 00:00:03]} Na6 {[%clk 00:15:59]} {[%emt 00:00:04]} 8. c3 {[%clk
00:15:25]} {[%emt 00:00:25]} O-O {[%clk 00:16:01]} {[%emt 00:00:08]} 9. O-O
{[%clk 00:15:32]} {[%emt 00:00:03]} Qb6 {[%clk 00:16:01]} {[%emt 00:00:10]} 10.
b3 {[%clk 00:15:20]} {[%emt 00:00:22]} Rfe8 {[%clk 00:16:03]} {[%emt 00:00:07]}
11. Nd2 {[%clk 00:15:16]} {[%emt 00:00:14]} Ba3 {[%clk 00:15:40]} {[%emt
00:00:33]} 12. e4 {[%clk 00:14:54]} {[%emt 00:00:32]} dxe4 {[%clk 00:15:46]}
{[%emt 00:00:05]} 13. Nc4 {[%clk 00:15:03]} {[%emt 00:00:01]} Qd8 {[%clk
00:15:35]} {[%emt 00:00:21]} 14. Nxa3 {[%clk 00:15:10]} {[%emt 00:00:03]} e3
{[%clk 00:15:38]} {[%emt 00:00:07]} 15. fxe3 {[%clk 00:15:11]} {[%emt
00:00:09]} Bg6 {[%clk 00:15:40]} {[%emt 00:00:07]} 16. Qd2 {[%clk 00:14:59]}
{[%emt 00:00:22]} Nc7 {[%clk 00:15:31]} {[%emt 00:00:19]} 17. Nf4 {[%clk
00:15:04]} {[%emt 00:00:05]} Bf5 {[%clk 00:15:33]} {[%emt 00:00:08]} 18. Rae1
{[%clk 00:15:06]} {[%emt 00:00:09]} Be4 {[%clk 00:15:16]} {[%emt 00:00:26]} 19.
Bxe4 {[%clk 00:14:58]} {[%emt 00:00:18]} Rxe4 {[%clk 00:15:25]} {[%emt
00:00:01]} 20. c4 {[%clk 00:14:53]} {[%emt 00:00:16]} Qe7 {[%clk 00:15:24]}
{[%emt 00:00:11]} 21. Re2 {[%clk 00:14:37]} {[%emt 00:00:26]} Qxa3 {[%clk
00:15:29]} {[%emt 00:00:04]} 22. Nd3 {[%clk 00:14:23]} {[%emt 00:00:24]} Ree8
{[%clk 00:15:15]} {[%emt 00:00:24]} 23. e4 {[%clk 00:14:08]} {[%emt 00:00:26]}
Qd6 {[%clk 00:15:04]} {[%emt 00:00:21]} 24. d5 {[%clk 00:13:01]} {[%emt
00:01:17]} cxd5 {[%clk 00:15:01]} {[%emt 00:00:13]} 25. exd5 {[%clk 00:13:07]}
{[%emt 00:00:04]} Rxe2 {[%clk 00:15:02]} {[%emt 00:00:08]} 26. Qxe2 {[%clk
00:13:16]} {[%emt 00:00:02]} Re8 {[%clk 00:15:11]} 27. Qf2 {[%clk 00:13:11]}
{[%emt 00:00:14]} b6 {[%clk 00:15:03]} {[%emt 00:00:19]} 28. Re1 {[%clk
00:12:51]} {[%emt 00:00:30]} Rxe1+ {[%clk 00:14:51]} {[%emt 00:00:22]} 29. Qxe1
{[%clk 00:13:00]} {[%emt 00:00:01]} h6 {[%clk 00:14:45]} {[%emt 00:00:16]} 30.
Qe4 {[%clk 00:12:11]} {[%emt 00:00:58]} b5 {[%clk 00:14:11]} {[%emt 00:00:45]}
31. Qd4 {[%clk 00:12:10]} {[%emt 00:00:11]} a6 {[%clk 00:13:53]} {[%emt
00:00:28]} 32. Kg2 {[%clk 00:11:28]} {[%emt 00:00:52]} a5 {[%clk 00:13:09]}
{[%emt 00:00:54]} 33. Qf4 {[%clk 00:10:24]} {[%emt 00:01:14]} Qxf4 {[%clk
00:12:15]} {[%emt 00:01:04]} 34. Nxf4 {[%clk 00:10:29]} {[%emt 00:00:04]} bxc4
{[%clk 00:12:21]} {[%emt 00:00:04]} 35. bxc4 {[%clk 00:10:38]} {[%emt
00:00:01]} Kf8 {[%clk 00:12:30]} {[%emt 00:00:02]} 36. c5 {[%clk 00:09:42]}
{[%emt 00:01:06]} Ke8 {[%clk 00:12:33]} {[%emt 00:00:07]} 37. Kf3 {[%clk
00:09:48]} {[%emt 00:00:04]} Kd7 {[%clk 00:12:34]} {[%emt 00:00:09]} 38. Ke4
{[%clk 00:09:50]} {[%emt 00:00:07]} Nb5 {[%clk 00:12:31]} {[%emt 00:00:14]} 39.
Kd3 {[%clk 00:09:35]} {[%emt 00:00:23]} Nc7 {[%clk 00:12:09]} {[%emt 00:00:33]}
40. Kc4 {[%clk 00:09:34]} {[%emt 00:00:12]} g5 {[%clk 00:11:09]} {[%emt
00:01:09]} 41. Nh5 {[%clk 00:09:02]} {[%emt 00:00:42]} f5 {[%clk 00:11:15]}
{[%emt 00:00:04]} 42. a4 {[%clk 00:08:53]} {[%emt 00:00:19]} Na6 {[%clk
00:10:44]} {[%emt 00:00:41]} 43. Nf6+ {[%clk 00:08:36]} {[%emt 00:00:27]} Kc7
{[%clk 00:10:35]} {[%emt 00:00:19]} 44. Ne8+ {[%clk 00:08:28]} {[%emt
00:00:18]} Kd7 {[%clk 00:10:36]} {[%emt 00:00:09]} 45. Nd6 {[%clk 00:08:19]}
{[%emt 00:00:19]} f4 {[%clk 00:10:37]} {[%emt 00:00:09]} 46. gxf4 {[%clk
00:08:23]} {[%emt 00:00:06]} gxf4 {[%clk 00:10:45]} {[%emt 00:00:02]} 47. Nxf7
{[%clk 00:08:31]} {[%emt 00:00:02]} Nb4 {[%clk 00:10:48]} {[%emt 00:00:08]} 48.
Nxh6 {[%clk 00:08:03]} {[%emt 00:00:38]} f3 {[%clk 00:10:44]} {[%emt 00:00:13]}
49. Ng4 {[%clk 00:08:08]} {[%emt 00:00:05]} Nc2 {[%clk 00:10:42]} {[%emt
00:00:13]} 50. h4 {[%clk 00:08:07]} {[%emt 00:00:10]} Ne1 {[%clk 00:10:25]}
{[%emt 00:00:27]} 51. h5 {[%clk 00:08:10]} {[%emt 00:00:08]} Ng2 {[%emt
00:00:12]} 52. Ne5+ {[%clk 00:08:11]} Kc8 {[%clk 00:10:30]} {[%emt 00:00:11]}
53. Nxf3 {[%clk 00:08:19]} {[%emt 00:00:02]} Ne3+ {[%clk 00:10:22]} {[%emt
00:00:18]} 54. Kd4 {[%clk 00:08:21]} {[%emt 00:00:09]} Nc2+ {[%clk 00:10:25]}
{[%emt 00:00:07]} 55. Ke5 {[%clk 00:08:20]} {[%emt 00:00:11]} Nb4 {[%clk
00:10:30]} {[%emt 00:00:04]} 56. h6 {[%clk 00:08:23]} {[%emt 00:00:07]} Kb7
{[%clk 00:10:32]} {[%emt 00:00:08]} 57. h7 {[%clk 00:08:25]} {[%emt 00:00:08]}
Nc6+ {[%clk 00:10:39]} {[%emt 00:00:03]} 58. dxc6+ {[%clk 00:08:31]} {[%emt
00:00:04]} Ka6 {[%clk 00:10:45]} {[%emt 00:00:05]} 59. h8=Q {[%clk 00:08:15]}
{[%emt 00:00:26]} Ka7 {[%clk 00:10:53]} {[%emt 00:00:01]} 60. Qg7+ {[%clk
00:08:24]} {[%emt 00:00:02]} 1-0

[Event "British Rapidplay Championship 2023"]
[Site "Mercure Bradford, Bankfield Hotel"]
[Date "2023.04.15"]
[Round "3.16"]
[White "Fava, Lorenzo"]
[Black "Lukhi, Neev"]
[Result "1-0"]
[TimeControl "All moves in 15 minutes plus 10 second increment per move from move 1"]
[WhiteElo "1875"]
[BlackElo "1544"]

1. d4 {[%clk 00:15:18]} {[%emt 00:00:01]} Nf6 {[%clk 00:15:17]} {[%emt
00:00:03]} 2. Bf4 {[%clk 00:15:26]} {[%emt 00:00:03]} d6 {[%clk 00:15:17]}
{[%emt 00:00:09]} 3. Nc3 {[%clk 00:15:33]} {[%emt 00:00:04]} Bf5 {[%clk
00:15:05]} {[%emt 00:00:21]} 4. f3 {[%clk 00:15:30]} {[%emt 00:00:13]} d5
{[%clk 00:14:36]} {[%emt 00:00:40]} 5. e3 {[%clk 00:15:39]} {[%emt 00:00:01]}
c6 {[%clk 00:14:30]} {[%emt 00:00:16]} 6. Bd3 {[%clk 00:15:44]} {[%emt
00:00:04]} Bxd3 {[%clk 00:14:13]} {[%emt 00:00:27]} 7. Qxd3 {[%clk 00:15:53]}
{[%emt 00:00:02]} e6 {[%clk 00:13:16]} {[%emt 00:01:07]} 8. e4 {[%clk
00:15:53]} {[%emt 00:00:10]} dxe4 {[%clk 00:13:20]} {[%emt 00:00:05]} 9. fxe4
{[%clk 00:16:00]} {[%emt 00:00:03]} Bb4 {[%clk 00:12:36]} {[%emt 00:00:54]} 10.
Nf3 {[%clk 00:15:43]} {[%emt 00:00:28]} O-O {[%clk 00:11:25]} {[%emt 00:01:21]}
11. a3 {[%clk 00:15:41]} {[%emt 00:00:12]} Bxc3+ {[%clk 00:11:30]} {[%emt
00:00:05]} 12. bxc3 {[%clk 00:15:49]} {[%emt 00:00:01]} Nbd7 {[%clk 00:10:41]}
{[%emt 00:01:00]} 13. O-O {[%clk 00:15:30]} {[%emt 00:00:28]} Re8 {[%clk
00:09:46]} {[%emt 00:01:06]} 14. e5 {[%clk 00:15:08]} {[%emt 00:00:32]} Nd5
{[%clk 00:09:07]} {[%emt 00:00:49]} 15. Ng5 {[%clk 00:14:11]} {[%emt 00:01:07]}
g6 {[%clk 00:07:41]} {[%emt 00:01:35]} 16. Nxf7 {[%clk 00:13:29]} {[%emt
00:00:52]} Nxf4 {[%clk 00:04:44]} {[%emt 00:03:08]} 17. Rxf4 {[%clk 00:13:36]}
{[%emt 00:00:03]} Qe7 {[%clk 00:04:39]} {[%emt 00:00:13]} 18. Nd6 {[%clk
00:11:20]} {[%emt 00:02:28]} Rf8 {[%clk 00:04:38]} {[%emt 00:00:11]} 19. Raf1
{[%clk 00:11:26]} {[%emt 00:00:03]} Rxf4 {[%clk 00:04:05]} {[%emt 00:00:43]} 20.
Rxf4 {[%clk 00:11:35]} {[%emt 00:00:02]} Rf8 {[%clk 00:04:13]} {[%emt
00:00:01]} 21. Rxf8+ {[%clk 00:11:27]} {[%emt 00:00:19]} Nxf8 {[%clk 00:04:02]}
{[%emt 00:00:20]} 22. Qf3 {[%clk 00:11:03]} {[%emt 00:00:35]} Nd7 {[%clk
00:03:12]} {[%emt 00:01:00]} 23. c4 {[%clk 00:09:36]} {[%emt 00:01:37]} Kg7
{[%clk 00:01:54]} {[%emt 00:01:27]} 24. c5 {[%clk 00:08:01]} {[%emt 00:01:45]}
b6 {[%clk 00:01:09]} {[%emt 00:00:56]} 25. cxb6 {[%clk 00:07:41]} {[%emt
00:00:30]} Nxb6 {[%clk 00:01:03]} {[%emt 00:00:15]} 26. Qxc6 {[%clk 00:07:03]}
{[%emt 00:00:48]} Qd7 {[%clk 00:01:04]} {[%emt 00:00:10]} 27. Qxd7+ {[%clk
00:06:16]} {[%emt 00:00:57]} Nxd7 {[%clk 00:01:12]} {[%emt 00:00:02]} 28. Nc8
{[%clk 00:06:23]} {[%emt 00:00:02]} a6 {[%clk 00:01:14]} {[%emt 00:00:08]} 29.
Kf2 {[%clk 00:06:27]} {[%emt 00:00:07]} Nb6 {[%clk 00:01:18]} {[%emt 00:00:05]}
30. Nxb6 {[%clk 00:06:35]} {[%emt 00:00:03]} 1-0

[Event "British Rapidplay Championship 2023"]
[Site "Mercure Bradford, Bankfield Hotel"]
[Date "2023.04.15"]
[Round "3.17"]
[White "Wood, Jack"]
[Black "Buckley, Colm"]
[Result "0-1"]
[TimeControl "All moves in 15 minutes plus 10 second increment per move from move 1"]
[WhiteElo "1626"]
[BlackElo "1870"]

1. e4 {[%clk 00:15:18]} {[%emt 00:00:01]} e6 {[%clk 00:15:19]} {[%emt
00:00:01]} 2. d4 {[%clk 00:15:26]} {[%emt 00:00:03]} d5 {[%clk 00:15:26]}
{[%emt 00:00:02]} 3. e5 {[%clk 00:15:32]} {[%emt 00:00:04]} c5 {[%clk
00:15:34]} {[%emt 00:00:03]} 4. c3 {[%clk 00:15:38]} {[%emt 00:00:04]} Nc6
{[%clk 00:15:39]} {[%emt 00:00:04]} 5. Nf3 {[%clk 00:15:18]} {[%emt 00:00:30]}
Bd7 {[%clk 00:15:43]} {[%emt 00:00:06]} 6. a3 {[%clk 00:15:02]} {[%emt
00:00:28]} f6 {[%clk 00:14:49]} {[%emt 00:01:03]} 7. Bb5 {[%clk 00:14:08]}
{[%emt 00:01:04]} cxd4 {[%clk 00:13:34]} {[%emt 00:01:25]} 8. Bxc6 {[%clk
00:14:00]} {[%emt 00:00:17]} bxc6 {[%clk 00:12:44]} {[%emt 00:01:01]} 9. cxd4
{[%clk 00:13:53]} {[%emt 00:00:17]} c5 {[%clk 00:12:27]} {[%emt 00:00:27]} 10.
O-O {[%clk 00:12:45]} {[%emt 00:01:17]} Qb6 {[%clk 00:11:28]} {[%emt 00:01:09]}
11. dxc5 {[%clk 00:11:35]} {[%emt 00:01:20]} Bxc5 {[%clk 00:11:03]} {[%emt
00:00:35]} 12. b4 {[%clk 00:11:42]} {[%emt 00:00:04]} Be7 {[%clk 00:10:52]}
{[%emt 00:00:20]} 13. Nc3 {[%clk 00:11:11]} {[%emt 00:00:41]} Qc7 {[%clk
00:09:00]} {[%emt 00:02:02]} 14. Qd4 {[%clk 00:08:44]} {[%emt 00:02:37]} fxe5
{[%clk 00:08:07]} {[%emt 00:01:03]} 15. Nxe5 {[%clk 00:08:50]} {[%emt
00:00:04]} Bf6 {[%clk 00:07:48]} {[%emt 00:00:28]} 16. Bf4 {[%clk 00:08:31]}
{[%emt 00:00:29]} Ne7 {[%clk 00:06:42]} {[%emt 00:01:16]} 17. Qe3 {[%clk
00:07:01]} {[%emt 00:01:40]} Nf5 {[%clk 00:05:29]} {[%emt 00:01:22]} 18. Qe1
{[%clk 00:05:06]} {[%emt 00:02:05]} O-O {[%clk 00:04:57]} {[%emt 00:00:43]} 19.
Rc1 {[%clk 00:05:09]} {[%emt 00:00:08]} Qb7 {[%clk 00:04:42]} {[%emt 00:00:23]}
20. g4 {[%clk 00:03:28]} {[%emt 00:01:52]} Nd4 {[%clk 00:04:24]} {[%emt
00:00:29]} 21. Qe3 {[%clk 00:03:18]} {[%emt 00:00:19]} Bxe5 {[%clk 00:03:41]}
{[%emt 00:00:53]} 22. Bxe5 {[%clk 00:03:17]} {[%emt 00:00:11]} Nf3+ {[%clk
00:03:37]} {[%emt 00:00:14]} 23. Kg2 {[%clk 00:03:22]} {[%emt 00:00:05]} d4
{[%clk 00:03:30]} {[%emt 00:00:17]} 24. Bxd4 {[%clk 00:01:37]} {[%emt
00:01:55]} Nxd4+ {[%clk 00:03:31]} {[%emt 00:00:10]} 25. f3 {[%clk 00:01:06]}
{[%emt 00:00:41]} Nb5 {[%clk 00:01:41]} {[%emt 00:01:59]} 26. Ne4 {[%clk
00:01:11]} {[%emt 00:00:05]} Rac8 {[%clk 00:01:17]} {[%emt 00:00:34]} 27. Rxc8
{[%clk 00:01:02]} {[%emt 00:00:20]} Rxc8 {[%clk 00:01:18]} {[%emt 00:00:08]} 28.
Qg5 {[%clk 00:01:10]} {[%emt 00:00:03]} Rf8 {[%clk 00:01:05]} {[%emt 00:00:22]}
29. a4 {[%clk 00:00:54]} {[%emt 00:00:27]} Nd4 {[%clk 00:00:51]} {[%emt
00:00:23]} 30. b5 {[%clk 00:00:26]} {[%emt 00:00:39]} Nxf3 {[%clk 00:00:51]}
{[%emt 00:00:10]} 31. Rxf3 {[%clk 00:00:19]} {[%emt 00:00:16]} Qxe4 {[%clk
00:00:59]} {[%emt 00:00:02]} 32. Qe3 {[%clk 00:15:10]} {[%emt 00:00:44]} 0-1

[Event "British Rapidplay Championship 2023"]
[Site "Mercure Bradford, Bankfield Hotel"]
[Date "2023.04.15"]
[Round "3.18"]
[White "Gopakumar, Siddharth"]
[Black "Jones, Simon"]
[Result "1-0"]
[TimeControl "All moves in 15 minutes plus 10 second increment per move from move 1"]
[WhiteElo "1870"]
[BlackElo "1336"]

1. d4 {[%clk 00:15:17]} {[%emt 00:00:01]} g6 {[%clk 00:15:15]} {[%emt
00:00:06]} 2. c4 {[%clk 00:15:25]} {[%emt 00:00:03]} Nf6 {[%clk 00:15:16]}
{[%emt 00:00:09]} 3. Nc3 {[%clk 00:15:31]} {[%emt 00:00:03]} Bg7 {[%clk
00:15:15]} {[%emt 00:00:11]} 4. e4 {[%clk 00:15:36]} {[%emt 00:00:05]} d6
{[%clk 00:15:18]} {[%emt 00:00:07]} 5. Nf3 {[%clk 00:15:39]} {[%emt 00:00:07]}
O-O {[%clk 00:15:04]} {[%emt 00:00:24]} 6. h3 {[%clk 00:15:47]} {[%emt
00:00:02]} Re8 {[%clk 00:14:37]} {[%emt 00:00:36]} 7. Be2 {[%clk 00:15:49]}
{[%emt 00:00:09]} e5 {[%clk 00:13:53]} {[%emt 00:00:54]} 8. dxe5 {[%clk
00:15:49]} {[%emt 00:00:11]} dxe5 {[%clk 00:13:49]} {[%emt 00:00:13]} 9. Qxd8
{[%clk 00:15:31]} {[%emt 00:00:28]} Rxd8 {[%clk 00:13:52]} {[%emt 00:00:06]} 10.
Be3 {[%clk 00:15:31]} {[%emt 00:00:11]} Nc6 {[%clk 00:13:02]} {[%emt 00:01:00]}
11. Nd2 {[%clk 00:13:47]} {[%emt 00:01:54]} Nd4 {[%clk 00:12:28]} {[%emt
00:00:43]} 12. Bxd4 {[%clk 00:13:00]} {[%emt 00:00:58]} exd4 {[%clk 00:11:46]}
{[%emt 00:00:52]} 13. Nd5 {[%clk 00:13:07]} {[%emt 00:00:03]} c5 {[%clk
00:10:49]} {[%emt 00:01:07]} 14. O-O {[%clk 00:12:38]} {[%emt 00:00:38]} b6
{[%clk 00:09:21]} {[%emt 00:01:39]} 15. Bd3 {[%clk 00:12:11]} {[%emt 00:00:37]}
Bb7 {[%clk 00:09:14]} {[%emt 00:00:16]} 16. Rab1 {[%clk 00:12:04]} {[%emt
00:00:18]} Rd7 {[%clk 00:08:51]} {[%emt 00:00:33]} 17. b4 {[%clk 00:12:09]}
{[%emt 00:00:06]} Rad8 {[%clk 00:08:38]} {[%emt 00:00:22]} 18. bxc5 {[%clk
00:12:10]} {[%emt 00:00:09]} bxc5 {[%clk 00:08:17]} {[%emt 00:00:31]} 19. Rb5
{[%clk 00:11:19]} {[%emt 00:01:01]} Nxd5 {[%clk 00:06:42]} {[%emt 00:01:45]} 20.
exd5 {[%clk 00:10:03]} {[%emt 00:01:26]} Bxd5 {[%clk 00:06:13]} {[%emt
00:00:39]} 21. cxd5 {[%clk 00:09:56]} {[%emt 00:00:17]} Rxd5 {[%clk 00:06:19]}
{[%emt 00:00:03]} 22. Ne4 {[%clk 00:09:12]} {[%emt 00:00:55]} Bf8 {[%clk
00:04:29]} {[%emt 00:02:00]} 23. Nf6+ {[%clk 00:09:18]} {[%emt 00:00:03]} Kg7
{[%clk 00:04:10]} {[%emt 00:00:30]} 24. Nxd5 {[%clk 00:09:26]} {[%emt
00:00:02]} Rxd5 {[%clk 00:04:15]} {[%emt 00:00:05]} 25. Bc4 {[%clk 00:09:09]}
{[%emt 00:00:28]} Rd7 {[%clk 00:03:35]} {[%emt 00:00:49]} 26. Re1 {[%clk
00:09:10]} {[%emt 00:00:08]} d3 {[%clk 00:03:39]} {[%emt 00:00:06]} 27. Rd1
{[%clk 00:09:10]} {[%emt 00:00:11]} d2 {[%clk 00:03:36]} {[%emt 00:00:13]} 28.
Rb2 {[%clk 00:09:18]} {[%emt 00:00:02]} Rd4 {[%clk 00:03:31]} {[%emt 00:00:16]}
29. Rc2 {[%clk 00:09:10]} {[%emt 00:00:17]} Kf6 {[%clk 00:03:15]} {[%emt
00:00:26]} 30. Rdxd2 {[%clk 00:09:13]} {[%emt 00:00:07]} Ke5 {[%clk 00:02:39]}
{[%emt 00:00:46]} 31. Rxd4 {[%clk 00:09:16]} {[%emt 00:00:07]} Kxd4 {[%clk
00:02:42]} {[%emt 00:00:06]} 32. Bxf7 {[%clk 00:09:23]} {[%emt 00:00:04]} Bh6
{[%clk 00:01:45]} {[%emt 00:01:07]} 33. Bg8 {[%clk 00:09:25]} {[%emt 00:00:08]}
Kd3 {[%clk 00:01:38]} {[%emt 00:00:09]} 34. Rxc5 {[%clk 00:09:32]} {[%emt
00:00:11]} Bf8 {[%clk 00:01:29]} {[%emt 00:00:19]} 35. Rc7 {[%clk 00:09:36]}
{[%emt 00:00:05]} 1-0